000 00472nam a2200157 4500
001 148062
003 ES-MaACL
007 t|
008 070214s1940 gw r ||||1| ger d
100 1 _aStieve, Friedrich.
_9108216
245 1 0 _aGeschichte des Deutschen Volkes /
_cvon Friedrich Stieve.
250 _a9 Aufl.
260 _aMünchen ;
_aBerlin :
_bR. Oldenbourg :
_bDruck,
_c1940.
300 _aVI, 528 p. :
_b11 map. ;
_c23 cm.
852 _aES-MaACL
_jB-9822
_bR.19134
999 _c148062
_d148062